Vládny balíček ekonomických opatrení a súvisiace riziká

Kroky, ktoré chce vláda prijať s cieľom ozdravenia ekonomiky. Vypracovaný materiál "Zámery na riešenie makroekonomickej nerovnováhy a konkurencieschopnosti slovenskej ekonomiky".

Enregistré dans:
Détails bibliographiques
Auteur principal: Jurzyca, Eugen
Format: Chapitre de livre
Langue:slovaque
anglais
Sujets:
Tags: Ajouter un tag
Pas de tags, Soyez le premier à ajouter un tag!

MARC

LEADER 00000naa a2200000 4500
001 r034308
005 20230426113109.6
041 0 |a slo 
041 0 |a eng 
044 |a SK 
245 1 0 |a Vládny balíček ekonomických opatrení a súvisiace riziká  |c Eugen Jurzyca 
520 |a Kroky, ktoré chce vláda prijať s cieľom ozdravenia ekonomiky. Vypracovaný materiál "Zámery na riešenie makroekonomickej nerovnováhy a konkurencieschopnosti slovenskej ekonomiky". 
610 2 0 |a situácia hospodárska 
610 2 0 |a hospodárstvo národné 
610 2 0 |a Slovensko 
610 2 0 |a opatrenia 
610 2 0 |a nerovnováha hospodárska 
610 2 0 |a riziko 
610 2 0 |a konkurencieschopnosť 
610 2 0 |a rozpočet štátny 
100 1 |a Jurzyca, Eugen